100 Largest U.S. Cities in 1930 - Statistics

General Stats
  • This quiz has been taken 845 times
  • The average score is 58 of 100
Answer Stats
Answer % Correct
6,930,446 New York City
100%
1,238,046 Los Angeles
99%
3,376,438 Chicago
97%
781,188 Boston
95%
1,950,961 Philadelphia
95%
634,394 San Francisco
95%
260,475 Dallas
94%
1,568,662 Detroit
94%
292,352 Houston
93%
110,637 Miami
92%
365,583 Seattle
92%
458,762 New Orleans
91%
270,366 Atlanta
89%
147,995 San Diego
89%
486,869 Washington
89%
821,960 St. Louis
88%
900,429 Cleveland
87%
301,815 Portland
87%
804,874 Baltimore
86%
451,160 Cincinnati
85%
287,861 Denver
84%
669,817 Pittsburgh
84%
464,356 Minneapolis
83%
573,076 Buffalo
82%
121,857 Kansas City, KS
82%
399,746 Kansas City, MO
82%
253,143 Memphis
82%
153,866 Nashville
82%
290,564 Columbus
80%
231,542 San Antonio
79%
364,161 Indianapolis
78%
578,249 Milwaukee
78%
129,549 Jacksonville
76%
185,389 Oklahoma City
74%
182,929 Richmond
73%
127,412 Albany
72%
101,161 Tampa
72%
307,745 Louisville
71%
271,606 St. Paul
69%
259,678 Birmingham
68%
252,981 Providence
68%
149,900 Springfield
68%
442,337 Newark
67%
93,750 Sacramento
67%
328,132 Rochester
66%
164,072 Hartford
64%
214,006 Omaha
64%
102,421 El Paso
63%
140,267 Salt Lake City
63%
209,326 Syracuse
61%
290,718 Toledo
59%
142,559 Des Moines
58%
141,258 Tulsa
58%
163,447 Ft. Worth
57%
255,040 Akron
55%
316,715 Jersey City
55%
200,982 Dayton
54%
162,655 New Haven
54%
284,063 Oakland
54%
168,592 Grand Rapids
52%
123,356 Trenton
52%
111,110 Wichita
51%
129,710 Norfolk
48%
105,802 Knoxville
47%
143,433 Scranton
46%
114,946 Ft. Wayne
44%
146,716 Bridgeport
43%
115,967 Erie
43%
195,311 Worcester
43%
92,563 Allentown
39%
134,646 Yonkers
39%
100,426 Gary
38%
115,514 Spokane
38%
156,492 Flint
37%
142,032 Long Beach
36%
106,597 Wilmington
36%
119,798 Chattanooga
35%
170,002 Youngstown
35%
101,463 Duluth
31%
138,513 Paterson
29%
104,969 Peoria
29%
106,817 Tacoma
29%
113,643 Cambridge
28%
118,700 Camden
28%
114,589 Elizabeth
28%
100,234 Lowell
28%
102,249 Evansville
27%
104,193 South Bend
26%
104,906 Canton
24%
85,864 Rockford
23%
111,171 Reading
21%
101,740 Utica
21%
115,274 Fall River
19%
112,597 New Bedford
18%
86,626 Wilkes-Barre
18%
95,692 Schenectady
15%
99,902 Waterbury
14%
102,320 Lynn
13%
103,908 Somerville
8%
88,979 Bayonne
5%
No matching quizzes found
Score Distribution
Percent of People with Each Score
Percentile by Number Answered
Your Score History
You have not taken this quiz